| 000 | 00724nac a22002531u 4500 | ||
|---|---|---|---|
| 003 | EG-ScBUE | ||
| 005 | 20220814103534.0 | ||
| 008 | 200219n200u ko a f 000 0 eng d | ||
| 020 | _a8957700706 | ||
| 020 | _a8957700668 | ||
| 040 |
_aEG-ScBUE _beng _erda _cEG-ScBUE _dEG-ScBUE |
||
| 082 | 0 | 4 |
_a747 _bINT _222 |
| 245 | 0 | 0 | _aInterior space stair. |
| 264 | 1 |
_aSeoul, Korea : _bArchiworld Co., Ltd., _c[200-?] |
|
| 300 |
_a287 pages : _bcolor illustrations ; _c20 cm |
||
| 336 |
_2rdacontent _atext _btxt |
||
| 337 |
_2rdamedia _aunmediated _bn |
||
| 338 |
_2rdacarrier _avolume _bnc |
||
| 650 | 7 |
_aInterior decoration. _2BUEsh _941532 |
|
| 651 | _2BUEsh | ||
| 653 | _bART | ||
| 655 |
_vReading book _934232 |
||
| 942 |
_cBB _2ddc |
||
| 999 |
_c3178 _d3178 |
||